ECOLOGY OF THE COYOTE IN THE YELLOWSTONE (Record no. 24806)

MARC details
000 -LEADER
fixed length control field 00471nam a22001577a 4500
003 - CONTROL NUMBER IDENTIFIER
control field OSt
005 - DATE AND TIME OF LATEST TRANSACTION
control field 20211229092811.0
008 - FIXED-LENGTH DATA ELEMENTS--GENERAL INFORMATION
fixed length control field 211229b |||||||| |||| 00| 0 eng d
040 ## - CATALOGING SOURCE
Transcribing agency HU
082 ## - DEWEY DECIMAL CLASSIFICATION NUMBER
Classification number 591.9787
100 ## - MAIN ENTRY--PERSONAL NAME
Personal name MURIE ADOLPH
9 (RLIN) 25889
245 ## - TITLE STATEMENT
Title ECOLOGY OF THE COYOTE IN THE YELLOWSTONE
Remainder of title FAUNA OF THE NATIONAL PARKS OF THE UNITED STATES
260 ## - PUBLICATION, DISTRIBUTION, ETC.
Place of publication, distribution, etc. WASHINGTON ,D.C.
Name of publisher, distributor, etc. FAUNA SERIES NO.4
Date of publication, distribution, etc. 1999
300 ## - PHYSICAL DESCRIPTION
Extent X, 206 INDEX
Other physical details PC
Dimensions 25 cm.
942 ## - ADDED ENTRY ELEMENTS (KOHA)
Source of classification or shelving scheme Dewey Decimal Classification
Koha item type Books like text book referance book
Suppress in OPAC No
Holdings
Withdrawn status Lost status Source of classification or shelving scheme Damaged status Not for loan Collection code Home library Current library Shelving location Date acquired Total Checkouts Full call number Barcode Date last seen Copy number Price effective from Koha item type
    Dewey Decimal Classification     Reference Wondo Genet Library Wondo Genet Library General Stacks 12/29/2021   591.9787 MUR 1999 WGCFNRL00009672 12/29/2021 1 12/29/2021 Books like text book referance book